000 00674cam a22002291 4500
001 sa 66005351
003 DLC
005 20260227112248.0
008 800929s1959 io b 000 0 ind
010 _asa 66005351
040 _aDLC
_cDLC
_dDLC
043 _aa-io---
050 0 0 _aJQ763 1959
_b.S5
100 1 _aSyahar, Saidus.
245 1 0 _aPantjasila sesungguhnja api daripada Islam.
260 _a[Djakarta?]
_bDjamʼijatul Muslimin Indonesia
_c[1959?]
300 _a31 p.
_c17 cm.
500 _aAt head of title: Islam dan Pantjasila.
504 _aBibliographical footnotes.
651 0 _aIndonesia
_xPolitics and government
_y1950-1966.
650 0 _aPancasila.
999 _c69907
_d69907